Sports Quiz

Random Sports or NBA Quiz
Score 0/25 Timer 05:00
3 Plays Today
Conference Player % Correct
Eastern ConferenceLeBron James
98.5%
Western ConferenceStephen Curry
97.3%
Eastern ConferenceKyrie Irving
96%
Western ConferenceKevin Durant
95.4%
Western ConferenceJames Harden
94.6%
Western ConferenceRussell Westbrook
93.9%
Eastern ConferenceJohn Wall
92.9%
Western ConferenceAnthony Davis
92.9%
Western ConferenceKlay Thompson
92.7%
Eastern ConferenceKevin Love
92.3%
Eastern ConferencePaul George
92%
Western ConferenceDraymond Green
91.9%
Eastern ConferenceJimmy Butler
91.2%
Conference Player % Correct
Eastern ConferenceKyle Lowry
90.6%
Eastern ConferenceIsaiah Thomas
89.8%
Eastern ConferenceDeMar DeRozan
89.7%
Eastern ConferenceCarmelo Anthony
88.7%
Western ConferenceDeMarcus Cousins
87.6%
Western ConferenceKawhi Leonard
87%
Eastern ConferenceKemba Walker
86.9%
Western ConferenceMarc Gasol
85.3%
Eastern ConferenceGiannis Antetokounmpo
84.4%
Western ConferenceDeAndre Jordan
83.1%
Western ConferenceGordon Hayward
82.3%
Eastern ConferencePaul Millsap
75.9%
Remove Ads.
Support Sporcle.
Get the best of Sporcle when you Go Orange. This ad-free experience offers more features, more stats, and more fun while also helping to support Sporcle. Thank you for becoming a member.

You're not logged in!

Compare scores with friends on all Sporcle quizzes.
OR
Log In

Show Comments

Extras

Top Quizzes Today


Score Distribution

Your Account Isn't Verified!

In order to create a playlist on Sporcle, you need to verify the email address you used during registration. Go to your Sporcle Settings to finish the process.

Report this User

Report this user for behavior that violates our Community Guidelines.

Details: